000
00286nam a2200109Ia 4500
005
20251222114345.0
008
251222s1900||||xx |||||||||||||| ||spa||
082
_a
DVD0080/Z32/1981
245
0
_a
Da un paese lontano (Giovanni Paolo II)
264
_b
Radiotelevisione Italiana
942
_c
DVD
999
_c
1017
_d
1017